Jornada de capacitación Verano 2013 (Record no. 8403)

MARC details
000 -LEADER
campo de control de longitud fija 00467nam a2200133Ia 4500
001 - NÚMERO DE CONTROL
campo de control 3108
008 - DATOS DE LONGITUD FIJA--INFORMACIÓN GENERAL
campo de control de longitud fija 241024s9999 xx 000 0 und d
082 ## - NÚMERO DE LA CLASIFICACIÓN DECIMAL DEWEY
Número de clasificación RD/375/R426j/2013
100 ## - ENTRADA PRINCIPAL--NOMBRE DE PERSONA
Nombre de persona República Dominicana. Ministerio de Educación. Vice Ministerio de Servicios Técnicos y Pedagógicos. Dirección General de Educación Básica
245 #0 - MENCIÓN DEL TÍTULO
Título Jornada de capacitación Verano 2013
260 ## - PUBLICACIÓN, DISTRIBUCIÓN, ETC.
Nombre del editor, distribuidor, etc. Santo Domingo
Fecha de publicación, distribución, etc. 2013
901 ## - ELEMENTOS DE DATOS A LOCAL LDA (RLIN)
a 1/8/2013 12:24:22 p.m.

No items available.

© 2024. Todos los Derechos Reservados. Desarrollado por IDEICE